The gospel to the nations : (Record no. 9541)

MARC details
000 -LEADER
fixed length control field 01301cam a22003254a 4500
001 - CONTROL NUMBER
control field 12027584
003 - CONTROL NUMBER IDENTIFIER
control field GBCCL
005 - DATE AND TIME OF LATEST TRANSACTION
control field 20241126110714.0
008 - FIXED-LENGTH DATA ELEMENTS--GENERAL INFORMATION
fixed length control field 000601s2000 ilu b 011 0 eng
010 ## -
-- 00040950
020 ## - INTERNATIONAL STANDARD BOOK NUMBER
International Standard Book Number 0830815570 (US)
020 ## - INTERNATIONAL STANDARD BOOK NUMBER
International Standard Book Number 0851114687 (UK)
040 ## - CATALOGING SOURCE
Original cataloging agency DLC
Transcribing agency DLC
Modifying agency DLC
042 ## -
-- pcc
050 00 -
-- BS2651
-- .G65 2000
082 00 - DEWEY DECIMAL CLASSIFICATION NUMBER
Classification number 227.806
Edition information 21
Item number GOS
245 04 - TITLE STATEMENT
Title The gospel to the nations :
Remainder of title perspectives on Paul's mission : in honour of Peter T. O'Brien /
Statement of responsibility, etc. edited by Peter Bolt & Mark Thompson.
260 ## - PUBLICATION, DISTRIBUTION, ETC.
Place of publication, distribution, etc. Downers Grove, Ill. :
Name of publisher, distributor, etc. InterVarsity Press ;
Place of publication, distribution, etc. Leicester, England :
Name of publisher, distributor, etc. Apollos,
Date of publication, distribution, etc. 2000.
300 ## - PHYSICAL DESCRIPTION
Extent xiii, 429 p. ;
Dimensions 22 cm.
504 ## - BIBLIOGRAPHY, ETC. NOTE
Bibliography, etc. note Includes bibliographical references (p. 383-414) and index.
600 00 - SUBJECT ADDED ENTRY--PERSONAL NAME
Personal name Paul,
Titles and other words associated with a name the Apostle, Saint.
9 (RLIN) 1848
630 00 - SUBJECT ADDED ENTRY--UNIFORM TITLE
Uniform title Bible.
Name of part/section of a work Epistles of Paul
General subdivision Criticism, interpretation, etc.
9 (RLIN) 2197
630 00 - SUBJECT ADDED ENTRY--UNIFORM TITLE
Uniform title Bible.
Name of part/section of a work Epistles of Paul
General subdivision Theology.
9 (RLIN) 2757
700 1# - ADDED ENTRY--PERSONAL NAME
Personal name O'Brien, Peter Thomas.
9 (RLIN) 15516
700 1# - ADDED ENTRY--PERSONAL NAME
Personal name Bolt, Peter,
Dates associated with a name 1958-
9 (RLIN) 16607
700 1# - ADDED ENTRY--PERSONAL NAME
Personal name Thompson, Mark,
Dates associated with a name 1959 March 12.
9 (RLIN) 16608
906 ## - LOCAL DATA ELEMENT F, LDF (RLIN)
a 7
b cbc
c orignew
d 1
e ocip
f 20
g y-gencatlg
942 ## - ADDED ENTRY ELEMENTS (KOHA)
Source of classification or shelving scheme Dewey Decimal Classification
Koha item type Books
Koha issues (borrowed), all copies 3
Holdings
Withdrawn status Lost status Source of classification or shelving scheme Damaged status Not for loan Home library Current Library Shelving location Date acquired Total checkouts Total renewals Full call number Barcode Date last seen Date last checked out Copy number Price effective from Koha item type
    Dewey Decimal Classification     GRACE BIBLE COLLEGE GRACE BIBLE COLLEGE Biblical Studies 2023-03-14 4 1 227.806 GOS 016033 2025-05-01 2025-02-13 c.1 2023-03-14 Books
© Grace Bible College Library 2025